000 00436nam a2200193Ia 4500
005 20240823054038.0
008 240823s9999||||xx |||||||||||||| ||und||
020 _a81-229-0113-1
041 _aENGLISH
082 _A823.912 N4
100 _aRamji Lall
245 0 _aJoseph Conrad Lord Jim
250 _a1st
260 _c1994
_bSurjeet Publica
500 _aYES
650 _aGeneral
_bGeneral
942 _cBK
999 _c225548
_d225548